| 000 | 00451nam a2200145 a 4500 | ||
|---|---|---|---|
| 005 | 20140311130135.0 | ||
| 008 | 030130s19uu xx 00 eng d | ||
| 100 | _aBolt, Robert | ||
| 245 |
_aA Man for all seasons : _ba play in two acts / _cRobert Bolt. |
||
| 650 |
_aMore, thomas, Sir Saint _x1478-1535 _xDrama |
||
| 650 |
_aChristian saints _xDrama |
||
| 650 |
_aGreat Britain _xHistory--Henry VIII--1509--1547 _xDrama |
||
| 942 | _cBK | ||
| 999 |
_c35496 _d35496 |
||